Kestrana's General Knowledge Quiz #2 - Statistics

General Stats
  • This quiz has been taken 10,433 times
  • The average score is 13 of 20
Answer Stats
Question Answer % Correct
Whose nose grows longer every time he tells a lie? Pinocchio
99%
What are Helvetica, Calibri, and Times New Roman? Fonts
96%
What prevents Earth's atmosphere from drifting away into space? Gravity
83%
In what country is the glue on postage stamps certified to be kosher? Israel
83%
What cartoon character's catchphrase is "Eh, what's up Doc"? Bugs Bunny
82%
What type of acid is found in lemons? Citric Acid
81%
In what country would you find the Terracotta Army? China
80%
Supposedly, actor Charlie Chaplin once won third prize in a look-alike contest. Who was he trying to impersonate? Charlie Chaplin
71%
What Japanese videogame series about pet trainers celebrates its 20th anniversary in 2016? Pokemon
64%
What's the common name of former classroom staple calcium carbonate? Chalk
63%
Where did Robin Hood and his Merry Men hide from the Sheriff of Nottingham? Sherwood Forest
61%
What actor's real name is Carlos Estévez? Charlie Sheen
59%
What beverage did Queen Catherine of Braganza popularize in England when she arrived in 1662? Tea
59%
What Bruce Springsteen album was the first CD pressed in the United States? Born in the USA
58%
What city hosted the 1932 and 1984 Summer Olympics? Los Angeles
53%
What company introduced the Betamax video cassette system? Sony
47%
In what Egyptian city would you find an avenue of sphinxes? Luxor
37%
What common necklace material melts when placed in vinegar? Pearl
36%
What country singer recorded an album named "The IRS Tapes; Who'll Buy My Memories" to help pay his $16.7 million tax bill? Willie Nelson
30%
What animal were dachshunds originally bred to hunt? Badgers
21%
No matching quizzes found
Score Distribution
Percent of People with Each Score
Percentile by Number Answered
Your Score History
You have not taken this quiz